000 01829nam a2200493 i 4500
001 15696
003 KOSZ 005
005 20200706111205.0
008 200424s1973 pl a f 001 0 pol
015 _aUWD 1973/9935
035 _a991034714819705066
035 _a(PL-WaBN)b19343176-48omnis_nlop
035 _ab19343176
035 _a(OCoLC)804411496
035 _a(PL)b0000001934317
035 _a(EXLNZ-48OMNIS_NETWORK)9910420420105606
040 _aWA N
_cWA N
_dKOSZ 005/RW
046 _k1973
080 _a62-2
100 1 _aKornberger, Zbigniew
_d(1911-1975)
_eAutor
245 1 0 _aPrzekładnie ślimakowe :
_bkonstrukcja, wykonanie, sprawdzanie /
_cZbigniew Kornberger.
250 _aWydanie 3 poprawione.
260 _aWarszawa :
_bWydawnictwa Naukowo-Techniczne,
_c1973.
300 _a373, [3] strony :
_bilustracje ;
_c25 cm.
336 _aTekst
_btxt
_2rdacontent
337 _aBez urządzenia pośredniczącego
_bn
_2rdamedia
338 _aWolumin
_bnc
_2rdacarrier
380 _aKsiążki
380 _aPublikacje fachowe
380 _aPublikacje dydaktyczne
388 _a1901-2000
388 _a1945-1989
500 _aDruk z klisz.
504 _aBibliografia na stronach 364-[368]. Indeks.
521 8 _aKsiążka jest przeznaczona dla inżynierów konstruktorów i technologów mechaników oraz może być pomocna dla studentów wydziałów mechanicznych wyższych uczelni technicznych.
650 7 _aPrzekładnie ślimakowe
_2DBN
650 7 _aBudowa i konstrukcje
650 7 _aProjektowanie
658 _aInżynieria i technika
710 2 _aWydawnictwa Naukowo-Techniczne
_4pbl
856 _uhttp://koha.tu.koszalin.pl/cgi-bin/koha/opac-detail.pl?biblionumber=15696
_yKatalog online BPK
942 _2UKD
_cKS
999 _c15696
_d15696